[Event "Negroponte op"]
[Site "Chalkis"]
[Date "2010.08.13"]
[Round "5"]
[White "Atalik, Suat"]
[Black "Hess, Robert L"]
[Result "1-0"]
[WhiteElo "2607"]
[BlackElo "2588"]
[Annotator "Atalik,S"]
[PlyCount "81"]
[EventDate "2010.08.09"]
[EventType "swiss"]
[EventRounds "9"]
[EventCountry "GRE"]
[SourceTitle "CBM 137 Extra"]
[Source "ChessBase"]
[SourceDate "2010.09.01"]
[SourceVersion "1"]
[SourceVersionDate "2010.09.01"]
[SourceQuality "1"]

1. d4 Nf6 2. c4 e6 3. Nc3 {Nimzo-Indian rerevisited. I had enough of Bogo and
Queen's Indians.} Bb4 4. e3 c5 5. Nge2 {Rubinstein System, solid and
aggressive as well.} O-O $6 {A strange move by Robert.} (5... cxd4 6. exd4 O-O
7. a3 Be7 {is supposed to be the right move order.} 8. Nf4 $5 d5 9. cxd5 Nxd5
10. Ncxd5 exd5 11. Bd3 Nc6 12. O-O {is a stem position for this line.} Bf6 (
12... g6 13. Be3 Bf6 14. Rc1 $14) (12... Bg5 13. Re1 h6 14. Bc2 Qd6 15. g3 $14)
13. Be3 g6 14. Rc1 $14 {transposes to the first line. In each case White
claims some advantage which is difficult to understand for me.}) (5... b6 $5 {
Romanishin's idea is critical for 4...c5 and 4...b6.} 6. a3 Ba5 7. Rb1 Na6 $1
8. Bd2 (8. g3 $6 {I have changed my mind about the currently best move.} Bb7 9.
d5 b5 10. Bg2 bxc4 11. O-O O-O 12. e4 exd5 13. exd5 d6 14. Qa4 Bxc3 15. bxc3
Qc8 16. Bg5 (16. Qxc4 Nc7 17. Rd1 Ba6 18. Qa2 Qg4 $17) 16... Nxd5 17. Rxb7 Qxb7
18. Nf4 Nb6 19. Bxb7 Nxa4 20. Nd5 Rae8 21. Bxa6 Re5 22. Ne7+ Kh8 23. f4 Re4 24.
Nd5 f6 25. Bh4 Rb8 $17) (8. f3 $5 {Aleksandrov's crazy idea.} O-O 9. d5 exd5
10. cxd5 b5 11. Kf2 $5 b4 12. Nb5 Qb6 (12... d6 13. e4 $13) 13. axb4 cxb4 14.
Nbd4 Nc5 15. Ng3 (15. e4 $2 Nfxe4+ $1 16. fxe4 Nxe4+ 17. Kg1 Re8 18. Be3 Nf6
19. Qd2 Nxd5 20. Bf2 Qf6 21. Ng3 Bb6 $44) 15... Nxd5 16. e4 Ne7 17. Be3 d6 18.
Nb3 $44) 8... O-O 9. Qa4 (9. Nf4 $5 cxd4 10. exd4 Bxc3 11. Bxc3 d5 12. cxd5
Nxd5 13. Nxd5 Qxd5 14. f3 Nc7 15. Bd3 Qd7 $15) (9. d5 $5 d6 10. Nf4 Bxc3 11.
Bxc3 Ne4 12. Qc2 Nxc3 13. Qxc3 e5 14. Nd3 Qg5 $40) 9... Qe7 10. dxc5 Nxc5 11.
Qc2 Bxc3 12. Nxc3 Bb7 13. f3 d5 14. Be2 dxc4 15. Bxc4 $11) 6. a3 cxd4 7. axb4
$1 (7. exd4 $6 Bxc3+ (7... Be7 {would have transposed to the main line stated
above.}) 8. Nxc3 d5 9. c5 $1 {was Rubinstein's main idea.} Ne4 10. Bd3 (10.
Nxe4 dxe4 11. Bf4 Nc6 12. Bd6 Qf6 $1 13. Bxf8 Kxf8 14. g3 Nxd4 15. Bg2 Bd7 16.
O-O Bb5 17. Re1 Rd8 $44 {is always an obscure line for me.}) 10... Nxc3 11.
bxc3 b6 12. Qh5 f5 13. cxb6 axb6 14. O-O Ba6 15. Bxa6 Rxa6 16. Qe2 $13 {
and everyone has his own weaknesses to talk about.}) 7... dxc3 8. Nxc3 $16 {
This is one of the structures known to be advantageous for White. However, the
question is if this is enough to win the game.} d5 {After this white is in the
cross roads.} 9. cxd5 $5 (9. b5 dxc4 10. Qxd8 Rxd8 11. Bxc4 b6 12. e4 Bb7 13.
f3 Nbd7 14. Be3 Ne5 15. Be2 Nd3+ 16. Bxd3 Rxd3 17. Ke2 $14 {looks also
promising for white due to the weakness of a7 and b6.}) 9... exd5 (9... Nxd5
10. Nxd5 Qxd5 11. Qxd5 exd5 12. Bd2 $14) 10. b5 $1 (10. Be2 {I was trying to
prevent} Nc6 ({or} 10... Na6 11. b5 Nc5) 11. b5 Ne7 $14) 10... Be6 (10... Bg4
11. Qd4) 11. Be2 ({Too early for} 11. Qd4 Nbd7) 11... Nbd7 12. O-O ({Obviously
} 12. Ra4 $5 Nc5 13. Rd4 $14 {is an option.}) 12... Nc5 (12... Qc7 13. Qd4 Nc5
14. Ra3 $16) 13. b4 $1 Nce4 (13... d4 $2 14. bxc5 dxc3 15. Qc2 {and the pawn
may fall.}) 14. Nxe4 $146 (14. Bb2 Nd6 15. Na4 b6 16. Qd4 $14 {is an
alternative.}) 14... dxe4 15. Bb2 Qe7 16. Bd4 Rfd8 $2 {If he had any way out
this may be the moment.} (16... Qxb4 $1 17. Bxa7 (17. Ra4 Qd6 (17... Qe7 18.
Qa1 a6 $11) 18. Qa1 (18. Bxf6 Qxd1 19. Rxd1 gxf6 (19... Bb3 $2 20. Rxe4 Bxd1
21. Rg4 $18) 20. Rxe4 Rfd8 $11) 18... Bg4 19. Be5 $14)) 17. Qb1 b6 18. Rc1 $1
$16 {Whites chances are obviously in the kingside due to pair of bishops power.
} (18. Bxf6 $6 {I am skeptical about the materialistic approach.} Qxf6 19. Qxe4
Qb2 $44) 18... Bf5 $2 {Black has to guard c6.} (18... Bd5 $142 19. Qb2 Rac8 20.
h3 $16) 19. Qb2 Rac8 20. Rc6 $18 Ne8 21. Ra3 Qb7 22. Qa1 $1 Ra8 (22... Rxc6 23.
bxc6 Qxc6 24. b5 Qc2 25. Ra2 Qb3 26. Rxa7 $18) 23. Bc4 $1 (23. h4 $5 Bd7 24.
Rc2 Be6 $16) 23... Bd7 24. Bd5 Bxc6 (24... Nc7 25. Rxc7 Qxc7 26. Bxa8 Rxa8 27.
Bxg7 Bxb5 28. Bh8 f5 29. Rc3 $18 {and Black's king has no enough protection.})
25. Bxc6 Qc7 (25... Qe7 26. Bxb6 Qxb4 27. Bxd8 Rxd8 28. g3 $18) 26. g3 $5 $138
{We had some funny time trouble around here. I was trying to convert my
advantage and my opponent was trying to hold his ground.} (26. Bxe4 Rac8 27.
Bc6 Qd6 28. Rxa7 $18) 26... f5 $138 (26... Nd6 $2 27. Bxg7 Nc4 28. Rc3 $1 Nd2
29. Bxe4 $18) 27. Ra6 $1 {No queen exchange for a while.} (27. Qa2+ $2 Qf7 $1 (
27... Kh8 $2 28. Bxa8 Rxa8 29. Qd5 Rd8 30. Qxf5 Nd6 31. Qe5 Re8 32. Rc3 $18)
28. Qxf7+ Kxf7 29. Bxa8 Rxa8 30. Bxb6 Nd6 31. Ra5 $1 Nxb5 32. Rxb5 axb6 33.
Rxf5+ Ke6 34. Rf4 Kd5 35. Rf7 Kc4 $1 36. Rxg7 Kxb4 37. Rxh7 b5 38. Rb7 Kc4 39.
g4 Rg8 40. h3 b4 41. Kg2 b3 42. Kg3 Rg5 $1 43. Rxb3 Kxb3 44. Kf4 Rg8 45. Kxe4
Kc4 $44 {and it is not clear if White can ever win this.}) 27... Nd6 28. Bd5+
$2 {Due to shortage of time I had difficulties to see clear the results of
multiple exchanges.} (28. Bxa8 Rxa8 (28... Nxb5 29. Qa2+ Qf7 30. Bc6 $18) 29.
Rxb6 $18) 28... Kh8 (28... Kf8 29. Bxa8 Nxb5 30. Bxg7+ Qxg7 31. Qxg7+ Kxg7 32.
Bc6 $18) 29. Bxa8 Nxb5 30. Be5 $2 {I started to get carried away.} (30. Bxg7+
Qxg7 31. Qxg7+ Kxg7 32. Bc6 $18 Nd6 33. Rxa7+ Kg6 $16) 30... Qd7 $2 (30... Qc2
$1 {This is the move which worried me because of Qe2-f3 and possibly it makes
a draw.} 31. Bxg7+ Kg8 32. Bd4 (32. Kg2 Qe2 $11) 32... Nxd4 33. exd4 Rxa8 34.
Rxb6 e3 $3 35. fxe3 Qb3 $1 $11) 31. Bxg7+ (31. Qa4 Rxa8 (31... Qe8) 32. Rxb6 a6
33. Kg2 $16) 31... Kg8 $2 {He collapsed at this moment.} ({He could put up a
stiff resistance with} 31... Qxg7 $1 32. Qxg7+ Kxg7 33. Bc6 Rd1+ 34. Kg2 Nd6 (
34... Nc3 35. Rxa7+ Kf6 36. Rxh7 Rd2 37. Rd7 Rb2 38. Rd4 Na2 39. Bb7 Rxb4 40.
Rd6+ Ke5 41. Rc6 $1 $18 {white wins by keeping the knight away.}) 35. Rxa7+ Kf6
36. Rxh7 Rd2 (36... Nc4 37. Bb5) 37. Rd7 Ke5 38. b5 Rc2 39. g4 $1 fxg4 40. Rd8
Rb2 41. Rg8 $18 {should win.}) 32. Bh6 $18 {Back in business.} Rxa8 33. Rxb6
axb6 34. Qxa8+ Kf7 35. Kg2 Nc7 (35... Qd1 {No more perpetual with} 36. Qf8+ Ke6
37. Qe8+ Kf6 38. Qxb5 $18) 36. Qb7 Ke6 37. Qxb6+ Kf7 38. Qb7 Ke6 39. Bf4 Nd5
40. Qxd7+ Kxd7 41. b5 1-0

[Event "Bundesliga 0405 playoff"]
[Site "Bremen"]
[Date "2005.05.08"]
[Round "1.5"]
[White "Beliavsky, Alexander G"]
[Black "Babula, Vlastimil"]
[Result "1/2-1/2"]
[WhiteElo "2630"]
[BlackElo "2584"]
[Annotator "Babula,V"]
[PlyCount "134"]
[EventDate "2005.05.08"]
[EventType "team-match"]
[EventRounds "1"]
[EventCountry "GER"]
[SourceTitle "CBM 107"]
[Source "ChessBase"]
[SourceDate "2005.08.01"]
[SourceVersion "1"]
[SourceVersionDate "2005.08.01"]
[SourceQuality "1"]
[WhiteTeam "Porz"]
[BlackTeam "Werder Bremen"]
[WhiteTeamCountry "GER"]
[BlackTeamCountry "GER"]

1. d4 Nf6 2. c4 e6 3. Nc3 Bb4 4. e3 c5 5. Nge2 {I think this system can't give
White any advantage, it is too passive.} d5 6. cxd5 ({I have already played
this line against Beliavsky, our game at the Olympiad 2004 in Calvia continued
} 6. a3 Ba5 7. cxd5 cxd4 8. Qxd4 exd5 9. Qe5+ Be6 {with equal chances.}) 6...
Nxd5 ({Also possible is} 6... exd5 7. a3 cxd4 {, the choice is a matter of
taste.}) 7. a3 (7. e4 $6 Nf6) 7... Nxc3 {Other options were worse:} (7... cxd4
$6 8. Qxd4 $14) (7... Bxc3+ $6 8. bxc3 $14) (7... Ba5 $6 8. dxc5 Nxc3 9. Qxd8+
Kxd8 10. Bd2 $1 $14) 8. bxc3 ({I expected} 8. Nxc3 {and wanted to continue} Ba5
(8... Bxc3+ $6 9. bxc3 $14) (8... cxd4 $6 9. axb4 dxc3 10. Qxd8+ Kxd8 11. bxc3
$14) 9. dxc5 Bxc3+ 10. bxc3 Qa5 $5 $13 ({or} 10... Qxd1+ 11. Kxd1 Nd7)) 8...
Ba5 {Now Black is OK.} 9. Bd2 O-O 10. Ng3 cxd4 $6 {I decided for an immediate
action in the centre,} ({but the quiet} 10... Nc6 {was better, e.g.} 11. Bc4 (
11. Bb5 cxd4 12. cxd4 e5 $1) 11... b6 ({not} 11... e5 $6 12. d5 $14) 12. O-O
Bb7 $11) 11. cxd4 e5 {That was my idea,} ({but also now was} 11... Nc6 {
playable, e.g.} 12. Bc4 Bxd2+ 13. Qxd2 Na5 14. Ba2 b6 15. O-O Bb7 $11) 12. dxe5
Qc7 {With the double threat Rd8 and Qe5, but it is also a loss of time.} ({
The ending arising almost forced after} 12... Nc6 13. f4 Qb6 (13... Bg4 $2 14.
Be2 Bxe2 15. Qxe2 $16) 14. Bxa5 Qxe3+ 15. Qe2 Qxe2+ 16. Bxe2 Nxa5 $11 {was the
other option. I overestimated White's chances, the position is in fact about
equal.}) 13. Bd3 $1 Nc6 $6 {Playing with fire,} ({easier was} 13... Qxe5 14.
O-O Nc6 15. Bxa5 Nxa5 $11) ({falling to the trap would be} 13... Rd8 14. O-O $1
Rxd3 $2 15. Bxa5) 14. O-O ({To unclear complications led ambitious} 14. f4 $5
Rd8 15. Qc2 (15. O-O Rxd3 16. Bxa5 Qd7 17. Qe1 Nxa5 18. Qxa5 Rxe3 $11 19. Rad1
Rd3) 15... Nxe5 $5 16. Bxh7+ Kh8 17. Qxc7 Bxc7 $132) 14... Bxd2 $6 {This way
Black helps White to finish his development.} ({Better was} 14... Qxe5 15. Bxa5
Nxa5 $11 16. Rb1 b6) 15. Qxd2 Nxe5 16. Be4 $14 {Now White is slightly better
as Black has problems with his queen's side.} Be6 (16... Rd8 17. Rfc1) 17. Rfc1
Nc4 {The only move,} ({bad is} 17... Qe7 $2 18. Qb4) 18. Qd3 (18. Qc2 $5) 18...
g6 19. Ne2 Rac8 20. Nd4 Rfd8 21. h4 $6 {A pleasant surprise for me,} (21. Nxe6
fxe6 22. Qe2 $14 {kept the small advantage.}) 21... Bd5 $11 {Now White has
nothing. As the character and evaluation of the position didn't change to the
end of the time control I'm letting it almost without any comment.} 22. Rab1
Qe5 23. Bxd5 Qxd5 24. Qb3 b6 25. a4 Rc5 26. Rd1 Na5 27. Qb2 h5 28. Qa1 Qe5 29.
Qa2 Qf6 (29... Qe7 $5 30. Nf3 Rdc8) 30. Nf3 Nc6 31. Ng5 Qe7 32. Qb3 Kg7 33.
Qb2+ f6 $6 {It weakens the 7-th rank,} (33... Kg8 $142) 34. Rxd8 Nxd8 35. Rd1
Nc6 36. Nf3 Rc4 37. Qb5 Rc5 38. Qd3 Ne5 39. Nxe5 Rxe5 40. Qd7 Qf7 41. Rd6 $14 {
The time control is over and White got some "microadvantage" after all. Of
course, he can't win if Black plays correctly.} Re7 42. Qb5 Rc7 43. Qd3 $6 (43.
g3 $5) 43... Qc4 $6 {Black immediately takes his chance for simplifications,
but in the wrong way.} ({Accurate was} 43... Rc1+ 44. Kh2 Qc4 $11 45. g3 $6 Qa2
$1) 44. Rd7+ Kh6 45. Qxc4 Rxc4 46. Rxa7 Rxh4 47. f4 g5 48. Ra6 ({Black has no
problems after} 48. g3 Rg4 49. Kf2 h4 50. gxh4 gxf4 51. Kf3 Rxh4 52. exf4 Kg6
$11 53. Ke4 Rh1 54. f5+ $6 Kh6) 48... gxf4 49. e4 {Now I realized my mistake,
but I stayed cool.} Rg4 50. Rxb6 Rg3 $1 $14 {The correct decision in the
difficult situation. The fundamental of rooks ending is an activity of the
rook. According to the Tarrasch's rule Black transfers his rook behinds the
White's pawns.} ({Due to the reason above I declined soon} 50... Kg5 $2 51. Rb3
f3 52. Rxf3 Rxe4 53. Ra3 $16) ({When I played my 43-rd move, I overlooked that
after} 50... f3 $2 {White has} 51. Rxf6+ Kg5 52. Rxf3 $18) 51. Rxf6+ ({I think
that the best practical chances gave} 51. e5 {with creating the second passed
pawn e, but Black can still hold the ending, e. g.} Ra3 52. Ra6 Kg5 (52... Kg7
$2 53. Ra7+) 53. e6 ({after} 53. exf6 Kg6 {White can't make any progress, e.g.}
54. Kf2 h4 55. a5 Kf7 56. Ke2 Kg6) 53... Re3 ({loses} 53... f5 $2 54. e7 Re3
55. Ra7 Kf6 56. a5 Kf7 57. a6 Ra3 58. Ra8 Kxe7 59. a7 $18) 54. Rb6 f5 55. Rb1
$5 {White transfers his rook behind his pawn a,} ({as} 55. a5 Kf6 56. Kf2 Ra3
57. a6 h4 58. Ke2 Ke7 {leads nowhere}) ({after} 55. Rb2 {with the same idea
Black has} Kf6 56. Ra2 f3 $1 57. Kf2 $140 fxg2) 55... Rxe6 56. a5 $5 {After
other moves Black can exchange White's pawn g:} (56. Ra1 f3 $1 57. gxf3 Kf4) (
56. Kf2 Re3 57. Ra1 h4 58. a5 h3 59. gxh3 (59. a6 h2 60. a7 Re8) 59... Rxh3 60.
a6 Rh8 61. a7 Ra8 62. Ra6 Kg4) 56... Ra6 57. Ra1 f3 $1 58. gxf3 f4 {and
Black's passed pawn h gives him the sufficient counterplay, e.g.} 59. Kg2 h4
60. Kh3 Kf5) 51... Kg5 52. Rf5+ (52. e5 Ra3 53. Ra6 Ra2 54. a5 Kf5 55. e6 Kf6)
52... Kg4 53. Rf8 ({An interesting attempt to win was} 53. Rf7 Ra3 54. Rg7+ Kh4
55. e5 {with the idea to push one pawn (a or e) to the 7-th rank.} {But it's
not enough to win, Black escapes using stalemate motifs after} Rxa4 56. e6 Re4
57. e7 Re2 58. Kf1 Re4 59. Kf2 Re6 (59... Re3 $4 60. g3+) ({the same as the
main line is} 59... Re5 60. Kf3 Re6 61. Kxf4 Rf6+ $11) 60. Kf3 Re5 61. Kxf4 {
(White has no other way to make progress)} Rf5+ $1 $11 {White's king can't
escape from checks on the 5th rank and after Kg1 follows Rf1 and Rh1.} (61...
Re4+ $4 62. Kf5 Re5+ 63. Kg6 Re6+ 64. Kh7 Rh6+ 65. Kg8 Rh8+ 66. Kf7 Rf8+ 67.
Ke6 Rf6+ 68. Kd7 Rd6+ 69. Ke8 Rd8+ 70. exd8=Q#)) 53... Ra3 54. Rg8+ Kh4 55. Kf2
{In most lines White can't win due to his passive king, so White tries to
activate him. But it's also not enough...} Rxa4 56. Kf3 Ra3+ 57. Kxf4 Rg3 $1
$11 {A nice trick, holding the game once for all and so winning the title!} 58.
Rh8 Rxg2 59. e5 Rf2+ 60. Ke3 Rf1 61. Rg8 Kh3 62. Ke4 h4 63. e6 Kh2 64. Rg4 h3
65. Ke5 Re1+ 66. Kf5 Rf1+ 67. Rf4 Re1 (67... Rxf4+ $4 68. Kxf4 Kg2 69. e7 h2
70. e8=Q h1=Q 71. Qe2+ Kg1 72. Kg3 $18) 1/2-1/2

[Event "Leon"]
[Site "Leon"]
[Date "1995.??.??"]
[Round "8"]
[White "Morovic Fernandez, Ivan"]
[Black "Rivas Pastor, Manuel"]
[Result "1-0"]
[WhiteElo "2575"]
[BlackElo "2515"]
[Annotator "Baburin,A"]
[PlyCount "77"]
[EventDate "1995.05.??"]
[EventType "tourn"]
[EventRounds "9"]
[EventCountry "ESP"]
[EventCategory "14"]
[SourceTitle "CBM 048"]
[Source "ChessBase"]
[SourceDate "1995.10.01"]
[SourceVersion "1"]
[SourceVersionDate "1995.10.01"]
[SourceQuality "1"]

1. d4 Nf6 2. c4 e6 3. Nc3 Bb4 4. e3 c5 5. Nge2 d5 6. a3 Bxc3+ 7. Nxc3 cxd4 8.
exd4 dxc4 9. Bxc4 Nc6 10. Be3 O-O 11. O-O b6 12. Qf3 Bb7 13. Qh3 Ne7 14. Rad1
Nfd5 15. Bg5 Qd7 16. Rfe1 Ng6 17. Bd3 Nxc3 18. bxc3 {Black transforms the pawn
formation with the isolated dP into the pawn structure with c3 & d4P. However
the general ideas remain the same - White should seek his chances in the
middlegame, Black should simplify the position.} Rac8 {Allows the nice break
in the centre which follows....} 19. d5 $1 Rfe8 20. Bf1 Qa4 21. Rd4 Qa5 22.
dxe6 fxe6 23. Bd2 Qxa3 24. Rxe6 Nf8 25. Rxe8 Rxe8 26. Qh5 Qe7 27. h3 Be4 {
In this open position the White Bishop pair are definitely superior.} 28. Bb5
Bg6 29. Qf3 Rd8 30. Bc4+ Kh8 31. Rxd8 Qxd8 32. Be3 h6 33. Bd4 Qe7 34. Qd5 Bh7
35. Qc6 Bg6 36. Qd5 Bh7 37. f4 Qe1+ 38. Kh2 Qe4 39. Bxg7+ 1-0

[Event "Sarajevo"]
[Site "Sarajevo"]
[Date "1980.03.17"]
[Round "2"]
[White "Bagirov, Vladimir"]
[Black "Marjanovic, Slavoljub"]
[Result "1/2-1/2"]
[WhiteElo "2560"]
[BlackElo "2505"]
[Annotator "Bagirov,V"]
[PlyCount "39"]
[EventDate "1980.03.16"]
[EventType "tourn"]
[EventRounds "15"]
[EventCountry "YUG"]
[EventCategory "8"]
[SourceTitle "EXT 2002"]
[Source "ChessBase"]
[SourceDate "2001.11.25"]
[SourceVersion "1"]
[SourceVersionDate "2001.11.25"]
[SourceQuality "1"]

{Inf.29/538} 1. d4 Nf6 2. c4 e6 3. Nc3 Bb4 4. e3 c5 5. Nge2 cxd4 6. exd4 d5 7.
c5 Ne4 8. Bd2 Nxd2 9. Qxd2 a5 10. a3 Bxc3 11. Nxc3 a4 12. Bd3 b6 (12... O-O {
Bagirov: - Inf.28/647}) 13. Nxa4 Rxa4 14. Bb5+ Bd7 15. Bxa4 Bxa4 16. Qb4 b5 $1
(16... Bc6 17. cxb6 Nd7 18. Rc1 $13) 17. b3 Nc6 18. Qc3 b4 (18... Qf6 19. bxa4
Nxd4 20. Kf1 $13) 19. Qd3 (19. Qg3 Bb5 20. Qxg7 Qh4 $1 21. Qxh8+ Ke7 $44) 19...
Qa5 $2 20. bxa4 (20. bxa4 b3+ 21. Qd2 Qxa4 22. O-O O-O (22... Nxd4 23. Qb4) 23.
Rfd1 Rb8 24. Rab1 (24. Qc3 $2 b2 25. Rab1 Qxd1+ $19) 24... Na5 25. Qc3 Nc4 26.
Rb2 $1 $11) 1/2-1/2

[Event "SLO-ch"]
[Site "Grize"]
[Date "1996.??.??"]
[Round "?"]
[White "Beliavsky, Alexander G"]
[Black "Grosar, Aljosa"]
[Result "0-1"]
[WhiteElo "2620"]
[BlackElo "2485"]
[Annotator "Beliavsky,A"]
[PlyCount "76"]
[EventDate "1996.??.??"]
[EventType "swiss"]
[EventRounds "9"]
[EventCountry "SLO"]
[SourceTitle "CBM 058"]
[Source "ChessBase"]
[SourceDate "1997.06.01"]
[SourceVersion "1"]
[SourceVersionDate "1997.06.01"]
[SourceQuality "1"]

1. d4 Nf6 2. c4 e6 3. Nc3 Bb4 4. e3 b6 5. Nge2 c5 6. a3 Ba5 7. Bd2 Nc6 (7...
Bb7 8. b4 cxb4 9. Nb5 $1) 8. d5 (8. g3 $5) 8... exd5 9. cxd5 Ne5 10. Ng3 O-O
11. Be2 d6 12. O-O a6 13. e4 Re8 (13... b5 14. b4 cxb4 15. axb4 Bxb4 16. Nxb5
$16) 14. Qc2 (14. f4 Ng6 15. Bf3 Nh4 16. Qc2 Ra7 17. Rae1 Rae7 $13) 14... Bd7
15. Kh1 $6 (15. h3 $1 $14) 15... b5 16. Rae1 Nfg4 $1 17. h3 Qh4 18. Kg1 {
Diagramm} Nxf2 $1 19. Kxf2 c4 $1 $17 20. Be3 f5 $1 21. exf5 Rf8 $1 (21... Bxf5
22. Qxf5 Rf8 23. Kg1 $16) 22. Kg1 Qxg3 23. Bf4 Qh4 24. Bxe5 Bxf5 25. Qd2 dxe5
$19 26. Kh2 Qd4 27. Qg5 Bd8 28. Qc1 e4 29. Rd1 Bc7+ 30. g3 Qe5 31. Qe3 Bd6 32.
Bg4 Rae8 33. Bxf5 Rxf5 34. Rxf5 Qxf5 35. Kg2 h5 36. Rf1 Qg6 37. Re1 h4 38. g4
Qf6 0-1

[Event "Moscow"]
[Site "Moscow"]
[Date "1981.04.??"]
[Round "6"]
[White "Kasparov, Garry"]
[Black "Andersson, Ulf"]
[Result "1/2-1/2"]
[WhiteElo "2625"]
[BlackElo "2610"]
[Annotator "Belov,I"]
[PlyCount "166"]
[EventDate "1981.04.08"]
[EventType "tourn"]
[EventRounds "13"]
[EventCountry "URS"]
[EventCategory "15"]
[SourceTitle "MCL"]
[Source "ChessBase"]
[SourceDate "1999.07.01"]
[SourceVersion "1"]
[SourceVersionDate "1999.07.01"]
[SourceQuality "1"]

1. d4 Nf6 2. c4 e6 3. Nc3 Bb4 4. e3 c5 5. Nge2 cxd4 6. exd4 O-O 7. a3 Be7 8. d5
exd5 9. cxd5 Re8 (9... Bc5 10. Na4 d6 11. Nxc5 dxc5 12. Nc3 b6 13. Be2 Bb7 $10)
10. Be3 $6 (10. g3 Bc5 11. b4 Bb6 12. h3 a5 13. b5 Qc7 $10 {Gligoric,S-Timman,
J/Niksic/1983/0:1 (27) Inf 36/670/}) (10. d6 $5 Bf8 11. g3 b6 (11... Re6 12.
Bf4 Nh5 13. Be3 Rxd6 14. Qc2 Re6 15. Bg2 Nc6 $10 {Korchnoi,V-Kindermann,S/
Beer-Sheva/1984/0,5 (24) Inf 37/620/}) 12. Bg2 Nc6 13. O-O Ba6 14. Re1 Rc8 15.
Bf4 Ne5 $10 {Miles,A-Csom,I/Esbjerg/1984/0,5 (58) Inf 38/744/}) 10... d6 $6 (
10... Ng4 $142 11. Bd4 Nh6 $1 12. Qd3 d6 13. Ng3 Nd7 14. Be2 Nc5 15. Qc2 Bf6
$15 {Semkov,S-Dzindzichashvili,R/Saint John/1988/1:0 (46) Inf 45/691/}) 11. h3
(11. g3 $5 $14) 11... Nbd7 (11... Bf8 12. g4 Ne4 13. Nxe4 Rxe4 14. Bg2 (14. Qd2
$5) 14... Rxe3 $5 15. fxe3 Qh4+ 16. Kd2 Nd7 17. Nd4 Ne5 $13 {Lukov,V-Vilela,J/
Cienfuegos/1983/Inf 35/(647)/}) 12. Ng3 Bf8 13. Be2 Rxe3 $6 (13... g6 14. O-O
Bg7 15. Bd4 $14 {Kasparov/}) 14. fxe3 g6 15. O-O Qe7 16. Qd4 Bg7 (16... Bh6 $5
17. Rf3 Ne5 18. Rf2 (18. Rf4 $5 Bxf4 19. exf4 $14 {Kasparov/}) 18... Ned7 19.
Nf1 $16) 17. Qf4 Ne8 $5 (17... Ne5 18. Rac1 Bd7 19. Nce4 Nxe4 20. Nxe4 f5 (
20... Bf5 21. Ng3) 21. Nd2 $16) 18. Rac1 Be5 19. Qf2 Ndf6 20. Bd3 h5 21. Nge2
$1 Nh7 22. Nf4 Nf8 (22... Bd7 23. Nxh5 $1 gxh5 24. Bxh7+ Kxh7 25. Qxf7+ $18)
23. Nb5 a6 24. Nd4 Bd7 25. Rc2 (25. Nf3 $5 {/\ e4,Re1,e5/}) 25... Bg7 26. Qg3
Rb8 27. Re2 Nf6 (27... h4 $6 28. Qf2 {/\ Nf3/}) 28. Nf3 Be8 $1 29. e4 N6d7 30.
Rc2 Ne5 31. Nxe5 Bxe5 32. Qf2 Nd7 {>< e5/} 33. b4 Qd8 34. Be2 Bg7 35. Nd3 Ne5
36. Nxe5 Bxe5 37. Rfc1 (37. h4 $5) 37... Kg7 38. Rc7 Qg5 $6 (38... h4 $142) 39.
R1c2 (39. h4 $142) 39... h4 $1 40. Bg4 Kh6 $1 41. Kh1 b6 42. Ra7 (42. Bd7 Bxd7
43. Rxd7 f6 44. Rcc7 Rh8 45. Qxb6 Qf4 $132) 42... Bg3 43. Qd2 Bf4 44. Qd4 Be5
45. Qg1 $1 a5 46. Qc1 Bf4 47. Qa1 Be5 48. Qg1 {Zugzwang/} axb4 49. axb4 Bf4 50.
Qa1 Be5 51. Qa3 $1 Kg7 (51... Qf4 52. Qc1) 52. Rf2 Bf6 53. Qd3 Qe5 54. Be6 $1
Kg8 55. Qf3 Kg7 56. Qf4 Qd4 57. Rf1 {/\ Qd6/} b5 58. Bg4 $1 (58. Rc7 Ra8 {
/\ Ra1/}) 58... Rd8 $1 (58... Qxa7 59. Qxf6+ Kg8 60. Qxd6 $18) 59. Rc7 Qb2 (
59... Ra8 60. Qxd6 Ra1 61. Rcc1 $18) 60. Rc2 $1 Qd4 61. Rd2 Qe5 (61... Qc3 62.
Rd3 $1 Qb2 63. Rdf3 $1 Be5 64. Qg5 Ra8 65. Qe7 $18 {Kasparov/}) 62. Qxe5 Bxe5
63. Rc2 Bd7 $1 64. Be2 $6 (64. Bxd7 Rxd7 65. Rc8 $18) 64... f5 $1 65. Rc7 Kh6
66. Bd3 fxe4 67. Bxe4 Kg5 68. Bd3 Bd4 69. Rb7 $6 (69. Rf3 $1 Bb6 70. Rb7 Bd4
71. Kh2 $3 Be5+ 72. Kg1 Bd4+ 73. Kf1 $18 {Kasparov/}) 69... Bc3 $1 70. Bxb5 Bf5
71. Be2 Ra8 72. b5 Ra2 73. Bf3 Rb2 74. Rb8 Bd4 $44 75. Rd1 Bc5 76. Kh2 Be3 77.
Re1 Bf2 78. Rf1 Bc5 79. Re8 Bd4 $1 80. Rd1 Bf2 $1 81. Be2 Bd7 82. Re4 Bf5 83.
Re8 Bd7 1/2-1/2